CS:GO HLTV Beste Spieler 2022 - Statistiken

Allgemein
  • Dieses Quiz wurde 15 mal gespielt
  • Das Durchschnittsergebnis liegt bei 7 aus 10
Antwortstatistiken
Damaliges Team Spieler % Korrekt
Natus Vincere s1mple
100%
Vitality ZywOo
92%
G2 NiKo
85%
FaZe ropz
85%
G2 m0NESY
77%
Cloud9 / Gambit sh1ro
77%
FaZe broky
69%
Cloud9 / Gambit Ax1Le
46%
HEROIC stavn
46%
FURIA KSCERATO
38%
Keine übereinstimmenden Quizze gefunden
Verteilung der Resultate
Anzahl Personen mit jedem Resultat
Perzentil nach korrekt beantworteten Fragen
Ihre Resultats-Entwicklung
Sie haben dieses Quiz noch nicht gespielt